书目信息 |
| 题名: |
旅游电子商务
|
|
| 作者: | 周春林 , 李俊楼 , 王新宇 编著 | |
| 分册: | ||
| 出版信息: | 北京 中国人民大学出版社 2022.05 |
|
| 页数: | 299页 | |
| 开本: | 26cm | |
| 丛书名: | 新编21世纪高等职业教育精品教材 | |
| 单 册: | ||
| 中图分类: | F590.6-39 | |
| 科图分类: | ||
| 主题词: | 旅游业--lu^ you ye--电子商务--高等职业教育--教材 | |
| 电子资源: | ||
| ISBN: | 978-7-300-30568-4 | |
| 000 | 01377nam 2200313 450 | |
| 001 | 25061 | |
| 005 | 20220918151212.65 | |
| 010 | @a978-7-300-30568-4@dCNY45.00 | |
| 100 | @a20220624d2022 em y0chiy50 ea | |
| 101 | 0 | @achi |
| 102 | @aCN@b110000 | |
| 105 | @aa a 000yy | |
| 200 | 1 | @a旅游电子商务@Alu^ you dian zi shang wu@d= Tourism e-commerce@f周春林, 李俊楼, 王新宇等编著@zeng |
| 205 | @a第2版 | |
| 210 | @a北京@c中国人民大学出版社@d2022.05 | |
| 215 | @a299页@c图@d26cm | |
| 225 | 2 | @a新编21世纪高等职业教育精品教材@Axin bian 21 shi ji gao deng zhi ye jiao yu jing pin jiao cai@i旅游大类 |
| 320 | @a有书目 | |
| 330 | @a本教材拟从旅游电子商务基本认知、旅游电子商务网络技术、旅游电子商务营销推广和旅游电子商务运营管理四个模块着手, 内容涵盖互联网+时代的电子商务、旅游电子商务概述、旅游电子商务网站建设、旅游电子商务支付与安全、旅游网络营销、旅游新媒体营销、旅游电商平台运营管理、旅游电商大数据分析8个项目及37项任务。 | |
| 333 | @a“十三五”江苏省高等学校重点教材 | |
| 410 | 0 | @12001 @a新编21世纪高等职业教育精品教材@i旅游大类 |
| 510 | 1 | @aTourism e-commerce@zeng |
| 606 | 0 | @a旅游业@Alu^ you ye@x电子商务@x高等职业教育@j教材 |
| 690 | @aF590.6-39@v5 | |
| 701 | 0 | @a周春林@Azhou chun lin@4编著 |
| 701 | 0 | @a李俊楼@Ali jun lou@4编著 |
| 701 | 0 | @a王新宇@Awang xin yu@4编著 |
| 801 | 0 | @aCN@c20220910 |
| 905 | @a河南城建学院图书馆@dF590.6-39@eZ750=2@f2 | |
| 旅游电子商务= Tourism e-commerce/周春林, 李俊楼, 王新宇等编著.-第2版.-北京:中国人民大学出版社,2022.05 |
| 299页:图;26cm.-(新编21世纪高等职业教育精品教材.旅游大类) |
| 使用对象:“十三五”江苏省高等学校重点教材 |
| ISBN 978-7-300-30568-4:CNY45.00 |
| 本教材拟从旅游电子商务基本认知、旅游电子商务网络技术、旅游电子商务营销推广和旅游电子商务运营管理四个模块着手, 内容涵盖互联网+时代的电子商务、旅游电子商务概述、旅游电子商务网站建设、旅游电子商务支付与安全、旅游网络营销、旅游新媒体营销、旅游电商平台运营管理、旅游电商大数据分析8个项目及37项任务。 |
| ● |
| 相关链接 |
|
|
|
正题名:旅游电子商务
索取号:F590.6-39/Z750=2
 
预约/预借
| 序号 | 登录号 | 条形码 | 馆藏地/架位号 | 状态 | 备注 |
| 1 | 1575737 | 215757376 | 社科库409/409社科库 38排6列1层/ [索取号:F590.6-39/Z750=2] | 在馆 | |
| 2 | 1575738 | 215757385 | 社科库409/409社科库 38排6列1层/ [索取号:F590.6-39/Z750=2] | 在馆 |